02530nam a2200265Ia 4500003000400000005001700004008004100021020001800062040002100080041000800101082002600109100003600135245010300171250002200274260005600296300007600352500006900428504003600497505030500533520124400838650005702082650004902139650004102188700003502229OSt20210908155437.0210310s2009 ck ad fr 000 0dspa d a9789587250121 aCO-JMCRcCO-JMCR0 aspa04a339.3861 /bK147c2231 aKalmanovitz, Salomón, eautor14aLas cuentas nacionales de Colombia en el siglo XlX / cSalomón Kalmanovitz, Edwin López Rivera aPrimera edición aBogotá : bUniversidad Jorge Tadeo Lozano, c2009 a99 páginas : bilustraciones y gráficas a blanco y negro ; c21 cm. aIncluye notas a pie de página y datos biográficos del autor. aBibliografía: páginas 85-940 aCálculos del producto y el ingreso de la población en el siglo XIX -- De la Colonia a la República: las consecuencias económicas de la Independencia -- Las reformas fiscales -- El producto agregado, el sector externo y la producción agropecuaria -- Salarios, precios e ingreso per cápita3 aEn este ensayo se presenta una estimación del valor de la producción agregada de la actual República de Colombia con base en algunas series de estadísticas durante el siglo xix. El comportamiento económico que expresa la serie es bastante pobre. El PIB per cápita incluso decrece hasta mediados de siglo, en comparación con el crecimiento económico más fuer te de la segunda mitad del siglo XVIII. A partir de la década de 1850, el ingreso per cápita se recupera hasta 1885 cuando de nuevo decrece hasta principios del siglo xx. Este resultado se corrobora con la evolución de la minería que fuera sector líder durante la colonia y se estanca en el siglo xix y con la participación de las exportaciones en el producto. Por otra parte, la participación del gobierno en el PIB disminuye a lo largo del siglo de manera importante hasta 1870, año después del cual la participación del Estado se recupera. El Estado demasiado pequeño puede explicar en algo la pérdida de la ley y el or den durante el siglo. Pese a esto, se implantaron algunas de las bases del crecimiento económico y la modernización de la economía colombiana, que se vendría a dar en las primeras tres décadas del siglo xx.14aRentas nacionalesxContabilidadySiglo XIXzColombia24aCrecimiento económicoySiglo XIXzColombia24aGlobalizaciónySiglo XIXzColombia1 aLópez Rivera, Edwin, eautor